[Event "DEM U16 2016"]
[Site "Willingen GER"]
[Date "2016.05.18"]
[Round "6"]
[White "Wiesner, Alexander"]
[Black "Zimmer, Luca"]
[Result "1-0"]
[Termination "normal"]
[Board "14"]
[WhiteElo "1832"]
[BlackElo "1598"]
[WhiteClock "00:16:12"]
[BlackClock "00:01:30"]
[PlyCount "83"]
[WhiteFideId "12943991"]
[BlackFideId "12921424"]
[EventCountry "GER"]
[EventRounds "9"]
[EventType "swiss"]
[EventDate "2016.05.14"]

1. d4 e6 2. c4 f5 3. Nf3 d5 4. Bf4 c6 5. g3 Nf6 6. Bg2 Be7 7. O-O O-O 8. Nbd2
Ne4 9. Qc2 Nd7 10. Ne5 Nxe5 11. Bxe5 Bf6 12. Bxf6 Qxf6 13. e3 Ng5 14. Rad1 Bd7
15. b4 Rac8 16. Qb3 Be8 17. Rc1 Bh5 18. Rc2 Be2 19. Rfc1 dxc4 20. Nxc4 Bf3 21.
h4 Be4 22. hxg5 Bxc2 23. gxf6 Bxb3 24. fxg7 Kxg7 25. axb3 Rfd8 26. Ne5 Kf6 27.
Ra1 a6 28. Kf1 Ke7 29. Ke2 Rg8 30. Rh1 Rh8 31. Rh6 Rcg8 32. Bf3 Kf8 33. Rxe6 h5
34. Rf6+ Ke8 35. Rxf5 h4 36. Bh5+ Ke7 37. Ng6+ Ke6 38. Re5+ Kf6 39. Nxh8 h3 40.
Bf3 Rxh8 41. Rh5 Rxh5 42. Bxh5 1-0

[Event "DEM U16 2016"]
[Site "Willingen GER"]
[Date "2016.05.18"]
[Round "6"]
[White "Wurst, Maximilian"]
[Black "Silber, Kevin"]
[Result "0-1"]
[Termination "normal"]
[Board "15"]
[WhiteElo "1751"]
[BlackElo "1956"]
[WhiteClock "00:48:31"]
[BlackClock "00:23:41"]
[PlyCount "74"]
[WhiteFideId "12971812"]
[BlackFideId "12930440"]
[EventCountry "GER"]
[EventRounds "9"]
[EventType "swiss"]
[EventDate "2016.05.14"]

1. e4 e5 2. Nf3 Nc6 3. Bc4 Bc5 4. c3 Nf6 5. d4 exd4 6. cxd4 Bb4+ 7. Bd2 Nxe4 8.
Bxb4 Nxb4 9. Bxf7+ Kxf7 10. Qb3+ d5 11. Ne5+ Ke6 12. Qxb4 Qf8 13. Qxf8 Rxf8 14.
O-O c5 15. Nf3 b6 16. Re1 Kd6 17. Nc3 Bf5 18. Rad1 Nxc3 19. bxc3 Bg4 20. Rd3
Bxf3 21. gxf3 Rae8 22. dxc5+ bxc5 23. Red1 Re5 24. c4 d4 25. R1d2 Re1+ 26. Kg2
Rf6 27. Rd1 Rg6+ 28. Kh3 Re5 29. Kh4 Rg2 30. Ra3 Re2 31. h3 Rexf2 32. Ra6+ Ke5
33. Rc6 Rxf3 34. Rxc5+ Ke4 35. Rd5 g5+ 36. Rxg5 Rxh3+ 37. Kxh3 Rxg5 0-1

[Event "DEM U16 2016"]
[Site "Willingen GER"]
[Date "2016.05.19"]
[Round "7"]
[White "Schröder, Kevin"]
[Black "Urban, Konstantin"]
[Result "1/2-1/2"]
[Termination "normal"]
[Board "1"]
[WhiteElo "2361"]
[BlackElo "2242"]
[WhiteClock "00:13:49"]
[BlackClock "00:25:30"]
[PlyCount "93"]
[WhiteFideId "12929840"]
[BlackFideId "12927511"]
[EventCountry "GER"]
[EventRounds "9"]
[EventType "swiss"]
[EventDate "2016.05.14"]

1. d4 Nf6 2. c4 g6 3. Nc3 Bg7 4. e4 d6 5. Be2 O-O 6. Be3 Nbd7 7. Qc2 c5 8. d5
a6 9. Nf3 b5 10. cxb5 Qa5 11. Bd2 axb5 12. Nxb5 Qa4 13. Bd3 Qxc2 14. Bxc2 Rb8
15. a4 Ba6 16. Bc3 Bxb5 17. axb5 Rxb5 18. Ra7 Rfb8 19. O-O R5b7 20. Rfa1 h6 21.
Nd2 Nb6 22. Bd1 Nfd7 23. Be2 Rxa7 24. Rxa7 Bxc3 25. bxc3 Ra8 26. Rxa8+ Nxa8 27.
Bb5 Ndb6 28. f4 Nc7 29. Bc6 f5 30. Kf2 fxe4 31. c4 Kf7 32. Ke3 e6 33. dxe6+
Kxe6 34. Bxe4 Kf6 35. Bd3 d5 36. cxd5 Ncxd5+ 37. Kf3 Kg7 38. h4 Nb4 39. Bf1 Nc2
40. Ke4 Kf6 41. Nf3 c4 42. g4 Nb4 43. g5+ Kg7 44. Kd4 Nc2+ 45. Ke4 Nb4 46. Kd4
Nc2+ 47. Ke4 1/2-1/2

[Event "DEM U16 2016"]
[Site "Willingen GER"]
[Date "2016.05.19"]
[Round "7"]
[White "Kololli, Martin"]
[Black "Buckels, Valentin"]
[Result "1/2-1/2"]
[Termination "normal"]
[Board "2"]
[WhiteElo "2259"]
[BlackElo "2240"]
[WhiteClock "00:22:56"]
[BlackClock "00:02:10"]
[PlyCount "81"]
[WhiteFideId "12936910"]
[BlackFideId "12942766"]
[EventCountry "GER"]
[EventRounds "9"]
[EventType "swiss"]
[EventDate "2016.05.14"]

1. e4 e5 2. Nf3 Nc6 3. Bc4 Bc5 4. c3 Nf6 5. d3 a6 6. O-O Ba7 7. Re1 d6 8. Bb3
O-O 9. h3 h6 10. Nbd2 Re8 11. Nf1 Be6 12. Bc2 d5 13. Qe2 Qd7 14. Kh2 Rad8 15.
Ng3 b5 16. Nh4 Ne7 17. a4 Bb6 18. Rd1 d4 19. f4 exf4 20. Nh5 Ng4+ 21. Kh1 Ne3
22. Bxe3 fxe3 23. Qf3 Qd6 24. g4 c5 25. Rg1 Bc7 26. Rg2 Kh8 27. Rf1 Qe5 28. Qe2
g6 29. Nf3 Qd6 30. Nf6 Rf8 31. e5 Qc6 32. cxd4 cxd4 33. Nxd4 Qc5 34. Nxe6 fxe6
35. Nd7 Rxf1+ 36. Qxf1 Rxd7 37. Qf6+ Kh7 38. Qf7+ Kh8 39. Qf6+ Kh7 40. Qf7+ Kh8
41. Qf8+ 1/2-1/2

[Event "DEM U16 2016"]
[Site "Willingen GER"]
[Date "2016.05.19"]
[Round "7"]
[White "Rieß, Alexander"]
[Black "Schmidek, Emil"]
[Result "1/2-1/2"]
[Termination "normal"]
[Board "3"]
[WhiteTitle "FM"]
[WhiteElo "2205"]
[BlackElo "2242"]
[WhiteClock "00:02:37"]
[BlackClock "00:00:56"]
[PlyCount "65"]
[WhiteFideId "12953326"]
[BlackFideId "12908150"]
[EventCountry "GER"]
[EventRounds "9"]
[EventType "swiss"]
[EventDate "2016.05.14"]

1. d4 Nf6 2. c4 g6 3. Nc3 d5 4. Nf3 Bg7 5. Qb3 dxc4 6. Qxc4 O-O 7. e4 Bg4 8.
Be3 Nc6 9. O-O-O e5 10. d5 Nd4 11. Rxd4 exd4 12. Nxd4 Nd7 13. f4 Nb6 14. Qd3 c5
15. Nde2 Qc7 16. h3 Bxe2 17. Bxe2 Bd4 18. Bd2 a6 19. h4 Rfe8 20. e5 Qd7 21. d6
Qe6 22. Kb1 f6 23. h5 fxe5 24. Bf3 Bxc3 25. Qxc3 Qxd6 26. fxe5 Qxe5 27. Qb3+
Qe6 28. hxg6 hxg6 29. Qc3 Qe5 30. Qb3+ Qe6 31. Qc3 Qe5 32. Qb3+ Qe6 33. Qc3
1/2-1/2

[Event "DEM U16 2016"]
[Site "Willingen GER"]
[Date "2016.05.19"]
[Round "7"]
[White "Pallas, Sebastian"]
[Black "Muckle, Julius"]
[Result "0-1"]
[Termination "normal"]
[Board "4"]
[WhiteElo "2225"]
[BlackElo "2163"]
[WhiteClock "00:01:26"]
[BlackClock "00:00:34"]
[PlyCount "80"]
[WhiteFideId "12905453"]
[BlackFideId "12942430"]
[EventCountry "GER"]
[EventRounds "9"]
[EventType "swiss"]
[EventDate "2016.05.14"]

1. e4 e6 2. d4 d5 3. Nc3 Nf6 4. e5 Nfd7 5. f4 c5 6. Nf3 Be7 7. Be3 b6 8. Qd2
O-O 9. Be2 Ba6 10. O-O Bxe2 11. Nxe2 Nc6 12. c3 Rc8 13. Rac1 Na5 14. b3 b5 15.
dxc5 Nxc5 16. Ned4 a6 17. f5 Ne4 18. Qd3 Qd7 19. Nd2 Nc6 20. Nxc6 Qxc6 21. f6
gxf6 22. exf6 Bxf6 23. Rxf6 Nxf6 24. Bd4 Nh5 25. Qh3 Ng7 26. Bf6 Rfe8 27. Qh6
Qc5+ 28. Kh1 Nf5 29. Qg5+ Kf8 30. g4 h6 31. Qh5 Qe3 32. gxf5 Qxd2 33. Rg1 Qf4
34. Rg4 Qf1+ 35. Rg1 Qf4 36. Rg4 Qf3+ 37. Kg1 Qe3+ 38. Kh1 exf5 39. Rg2 Re6 40.
Re2 Qxe2 0-1

[Event "DEM U16 2016"]
[Site "Willingen GER"]
[Date "2016.05.19"]
[Round "7"]
[White "Gungl, Theo"]
[Black "Polster, Christian"]
[Result "0-1"]
[Termination "normal"]
[Board "5"]
[WhiteElo "2326"]
[BlackElo "2150"]
[WhiteClock "00:04:52"]
[BlackClock "00:13:08"]
[PlyCount "112"]
[WhiteFideId "24695653"]
[BlackFideId "12965081"]
[EventCountry "GER"]
[EventRounds "9"]
[EventType "swiss"]
[EventDate "2016.05.14"]

1. e4 c5 2. Nf3 d6 3. d4 cxd4 4. Nxd4 Nf6 5. Nc3 a6 6. Bg5 e6 7. Qe2 Nbd7 8. f4
Qc7 9. O-O-O Be7 10. g4 b5 11. a3 Bb7 12. Bg2 Rc8 13. Kb1 Qc4 14. Rd3 Nb6 15.
Nb3 Qc7 16. h4 h6 17. Bxf6 Bxf6 18. g5 Bxc3 19. Rxc3 Nc4 20. Rg3 e5 21. gxh6
gxh6 22. fxe5 dxe5 23. Rf1 Qe7 24. Rgf3 Rf8 25. Rf6 Rc6 26. Rxc6 Bxc6 27. Nd2
Nd6 28. Qh5 Qe6 29. Bf3 Rg8 30. Re1 Ke7 31. Nb3 Nc4 32. Rd1 Qg6 33. Nc5 Qxh5
34. Bxh5 Rg2 35. Nxa6 Bxe4 36. Nb4 Ke6 37. Re1 f5 38. Be2 Nd6 39. b3 f4 40. Bd3
Bb7 41. Bf1 Rh2 42. Nd3 Be4 43. a4 bxa4 44. bxa4 Kf5 45. a5 Nc4 46. a6 Ba8 47.
a7 e4 48. Nc5 Na3+ 49. Kb2 Rxc2+ 50. Kxa3 Rxc5 51. Kb4 Rc7 52. Ra1 f3 53. Bc4
e3 54. Kc3 Kf4 55. Kd3 Rd7+ 56. Kc3 e2 0-1

[Event "DEM U16 2016"]
[Site "Willingen GER"]
[Date "2016.05.19"]
[Round "7"]
[White "Ovsepyan, Arshak"]
[Black "Bergauz, Noam"]
[Result "0-1"]
[Termination "normal"]
[Board "6"]
[WhiteElo "2158"]
[BlackElo "2301"]
[WhiteClock "00:00:49"]
[BlackClock "00:04:12"]
[PlyCount "80"]
[WhiteFideId "24690236"]
[BlackFideId "12938033"]
[EventCountry "GER"]
[EventRounds "9"]
[EventType "swiss"]
[EventDate "2016.05.14"]

1. e4 e6 2. Nc3 d5 3. d3 Nf6 4. e5 Nfd7 5. f4 c5 6. Nf3 Nc6 7. g3 b5 8. Bg2 b4
9. Ne2 g6 10. O-O Bg7 11. Be3 O-O 12. h3 a5 13. c4 bxc3 14. bxc3 Ba6 15. Qd2 a4
16. Rab1 Qa5 17. c4 Rab8 18. Ng5 Qxd2 19. Bxd2 Ne7 20. cxd5 Nxd5 21. Be4 c4 22.
Bxd5 exd5 23. Nd4 cxd3 24. Nc6 Rxb1 25. Ne7+ Kh8 26. Rxb1 Bh6 27. e6 Bxg5 28.
fxg5 fxe6 29. Rb6 Re8 30. Rxe6 Kg7 31. Rxa6 Rxe7 32. Ra7 Kf7 33. Bb4 Ke6 34.
Rxa4 Rf7 35. Bd2 Ne5 36. Ra6+ Kf5 37. Kg2 Nc4 38. g4+ Ke5 39. Bc3+ d4 40. Rf6
dxc3 0-1

[Event "DEM U16 2016"]
[Site "Willingen GER"]
[Date "2016.05.19"]
[Round "7"]
[White "Spitzl, Vinzent"]
[Black "Tiarks, Jann-Christian"]
[Result "1-0"]
[Termination "normal"]
[Board "7"]
[WhiteElo "2253"]
[BlackElo "1983"]
[WhiteClock "00:05:36"]
[BlackClock "00:32:41"]
[PlyCount "99"]
[WhiteFideId "12901253"]
[BlackFideId "12951595"]
[EventCountry "GER"]
[EventRounds "9"]
[EventType "swiss"]
[EventDate "2016.05.14"]

1. e4 c5 2. Nf3 Nf6 3. e5 Nd5 4. g3 Nc6 5. Bg2 e6 6. O-O d6 7. exd6 Bxd6 8. d4
O-O 9. dxc5 Bxc5 10. Qe2 Qc7 11. c4 Nde7 12. Bf4 Bd6 13. Bxd6 Qxd6 14. Nc3 Nf5
15. Rfd1 Qe7 16. Ne5 Nxe5 17. Qxe5 f6 18. Qe4 e5 19. b3 Rb8 20. Rd2 Qb4 21.
Qd5+ Kh8 22. Nb5 Nd4 23. Qd6 Qxd6 24. Nxd6 b6 25. Bd5 h6 26. f4 Bg4 27. Kg2 Bh5
28. Rf1 Kh7 29. fxe5 fxe5 30. Rxf8 Rxf8 31. Rf2 Rd8 32. Nf7 Re8 33. Nd6 Rd8 34.
Ne4 Bg6 35. Nc3 Nf5 36. Re2 Re8 37. Nb5 Re7 38. g4 a6 39. gxf5 Bh5 40. Bf3
Bxf3+ 41. Kxf3 axb5 42. cxb5 g6 43. Ke4 gxf5+ 44. Kxf5 Rf7+ 45. Ke6 Rg7 46. Kd5
Rc7 47. Rxe5 Rc2 48. a4 Rxh2 49. Kc6 Rh3 50. Kxb6 1-0

[Event "DEM U16 2016"]
[Site "Willingen GER"]
[Date "2016.05.19"]
[Round "7"]
[White "Ravina, David"]
[Black "Niermann, Tristan"]
[Result "0-1"]
[Termination "normal"]
[Board "8"]
[WhiteElo "2129"]
[BlackElo "2025"]
[WhiteClock "00:37:05"]
[BlackClock "00:42:40"]
[PlyCount "58"]
[WhiteFideId "12921858"]
[BlackFideId "12990698"]
[EventCountry "GER"]
[EventRounds "9"]
[EventType "swiss"]
[EventDate "2016.05.14"]

1. e4 e5 2. Nc3 Bc5 3. f4 d6 4. Bc4 Nf6 5. Nf3 Nc6 6. d3 O-O 7. Na4 Bg4 8. Nxc5
dxc5 9. h3 Bxf3 10. Qxf3 b5 11. Bb3 Nd4 12. Qe3 exf4 13. Qxf4 c4 14. dxc4 Re8
15. Be3 Rxe4 16. Qf2 Nxb3 17. axb3 Qd4 18. O-O Qxe3 19. cxb5 Qxf2+ 20. Rxf2 Re5
21. c4 Kf8 22. b4 Ke7 23. b3 Kd8 24. c5 Re4 25. Rd2+ Kc8 26. Rad1 Kb7 27. Rd8
Rxd8 28. Rxd8 Re8 29. Rd4 a6 0-1

[Event "DEM U16 2016"]
[Site "Willingen GER"]
[Date "2016.05.19"]
[Round "7"]
[White "Fieberg, Samuel"]
[Black "Kitze, Alexander"]
[Result "1-0"]
[Termination "normal"]
[Board "9"]
[WhiteElo "2176"]
[BlackElo "2231"]
[WhiteClock "00:02:28"]
[BlackClock "00:01:08"]
[PlyCount "81"]
[WhiteFideId "12901717"]
[BlackFideId "12914827"]
[EventCountry "GER"]
[EventRounds "9"]
[EventType "swiss"]
[EventDate "2016.05.14"]

1. e4 c5 2. Nf3 d6 3. d4 cxd4 4. Nxd4 Nf6 5. Nc3 Nc6 6. Bg5 e6 7. g3 h6 8. Be3
Be7 9. Bg2 O-O 10. O-O Nxd4 11. Bxd4 e5 12. Be3 Be6 13. h3 b5 14. Qd2 a5 15. a3
Rc8 16. Rfc1 Qd7 17. Kh2 b4 18. axb4 axb4 19. Na4 Qb5 20. Nb6 Rb8 21. Nd5 Bxd5
22. exd5 Rfc8 23. b3 Rc3 24. Ra4 Rbc8 25. Rca1 Bd8 26. Qd1 Rxc2 27. Ra6 Qd7 28.
R1a4 Ne8 29. Rxb4 Bg5 30. Be4 R2c3 31. Ra7 Qd8 32. Qh5 Qf6 33. Rbb7 R3c7 34.
Rxc7 Nxc7 35. Qg4 Qd8 36. Bb6 g6 37. h4 Bf6 38. Bd3 h5 39. Qh3 Bg7 40. Ba6 Ra8
41. Bxc7 1-0

[Event "DEM U16 2016"]
[Site "Willingen GER"]
[Date "2016.05.19"]
[Round "7"]
[White "Lagunow, Raphael"]
[Black "Wiesner, Alexander"]
[Result "1/2-1/2"]
[Termination "normal"]
[Board "10"]
[WhiteElo "2311"]
[BlackElo "1832"]
[WhiteClock "00:35:51"]
[BlackClock "00:13:29"]
[PlyCount "42"]
[WhiteFideId "24652644"]
[BlackFideId "12943991"]
[EventCountry "GER"]
[EventRounds "9"]
[EventType "swiss"]
[EventDate "2016.05.14"]

1. e4 c5 2. c3 g6 3. d4 cxd4 4. cxd4 d5 5. exd5 Nf6 6. Bb5+ Bd7 7. Bc4 Bg7 8.
Nc3 O-O 9. Nge2 b5 10. Bb3 b4 11. Na4 Bb5 12. O-O Nxd5 13. a3 Nc6 14. axb4 Bxe2
15. Qxe2 Nxd4 16. Qc4 Nxb3 17. Qxb3 e6 18. Rd1 Qe7 19. Bd2 Rab8 20. b5 Rfc8 21.
Nc3 Rd8 1/2-1/2

[Event "DEM U16 2016"]
[Site "Willingen GER"]
[Date "2016.05.19"]
[Round "7"]
[White "Martin, Julian"]
[Black "Schlick, Stefan"]
[Result "1-0"]
[Termination "normal"]
[Board "11"]
[WhiteElo "2325"]
[BlackElo "1918"]
[WhiteClock "00:34:35"]
[BlackClock "00:11:49"]
[PlyCount "109"]
[WhiteFideId "12941000"]
[BlackFideId "16211332"]
[EventCountry "GER"]
[EventRounds "9"]
[EventType "swiss"]
[EventDate "2016.05.14"]

1. e4 c6 2. d4 d5 3. e5 Bf5 4. Nf3 e6 5. Be2 Nd7 6. O-O h5 7. a4 a5 8. Na3 Be7
9. c4 Nh6 10. cxd5 exd5 11. Ne1 h4 12. Nac2 Nf8 13. Ne3 Ne6 14. N1c2 Nf4 15.
Nxf5 Nxe2+ 16. Qxe2 Nxf5 17. Qd3 Qd7 18. Bd2 g6 19. Rae1 Kd8 20. Ne3 h3 21. g3
Qe6 22. Nxf5 gxf5 23. Re3 Bb4 24. Rf3 Rh5 25. Rc1 Bxd2 26. Qxd2 Qg6 27. Qc3 Qg4
28. Rf4 Qe2 29. Rf3 Qc4 30. Qxc4 dxc4 31. Rxc4 Kd7 32. Rb3 Ra7 33. Kf1 Ke6 34.
Ke2 Rg5 35. Ke3 Rg4 36. f3 f4+ 37. Kf2 fxg3+ 38. hxg3 Rg8 39. Rd3 Rh8 40. Rc1
Raa8 41. g4 Rad8 42. Kg1 Rd5 43. Kh2 Rhd8 44. Rc4 c5 45. Kxh3 Rxd4 46. Rdc3 b6
47. f4 Rd3+ 48. Rxd3 Rxd3+ 49. Kh4 Rd4 50. Rxd4 cxd4 51. Kg3 Kd5 52. Kf3 d3 53.
Ke3 d2 54. Kxd2 Ke4 55. g5 1-0

[Event "DEM U16 2016"]
[Site "Willingen GER"]
[Date "2016.05.19"]
[Round "7"]
[White "Savchenko, Daniel"]
[Black "Kololli, Kevin"]
[Result "0-1"]
[Termination "normal"]
[Board "12"]
[WhiteElo "1955"]
[BlackElo "2164"]
[WhiteClock "01:07:28"]
[BlackClock "01:30:23"]
[PlyCount "36"]
[WhiteFideId "12919195"]
[BlackFideId "12936863"]
[EventCountry "GER"]
[EventRounds "9"]
[EventType "swiss"]
[EventDate "2016.05.14"]

1. e4 c5 2. Nf3 Nc6 3. d4 cxd4 4. Nxd4 g6 5. Nc3 Bg7 6. Be3 Nf6 7. f3 O-O 8.
Qd2 d5 9. Nxc6 bxc6 10. O-O-O Qa5 11. Kb1 Rb8 12. Ka1 dxe4 13. Bh6 Qb4 14. Rb1
e3 15. Bxe3 Be6 16. Bd3 Nd5 17. Nd1 Qa4 18. c4 Nb4 0-1

[Event "DEM U16 2016"]
[Site "Willingen GER"]
[Date "2016.05.19"]
[Round "7"]
[White "Silber, Kevin"]
[Black "Oberhofer, Cédric"]
[Result "0-1"]
[Termination "normal"]
[Board "13"]
[WhiteElo "1956"]
[BlackElo "2090"]
[WhiteClock "00:31:39"]
[BlackClock "00:27:27"]
[PlyCount "90"]
[WhiteFideId "12930440"]
[BlackFideId "12941220"]
[EventCountry "GER"]
[EventRounds "9"]
[EventType "swiss"]
[EventDate "2016.05.14"]

1. e4 c5 2. Nf3 d6 3. d4 cxd4 4. Qxd4 a6 5. c4 Nc6 6. Qe3 Nf6 7. Nc3 g6 8. h3
Bg7 9. Be2 O-O 10. O-O Bd7 11. Rd1 Rc8 12. Rb1 Na5 13. b3 Qc7 14. Ba3 Rfe8 15.
Rbc1 b6 16. Ne1 Qb8 17. Nc2 Qb7 18. Nb4 Nc6 19. Nbd5 Nxd5 20. Nxd5 b5 21. cxb5
axb5 22. Qb6 Rb8 23. Qc7 b4 24. Bb5 Qxc7 25. Nxc7 Rec8 26. Bxc6 Rxc7 27. Bxd7
Rxd7 28. Bxb4 Rxb4 29. Rc8+ Bf8 30. Rdc1 Rdb7 31. Kf1 f6 32. f3 Kf7 33. Ke2 Bg7
34. Kd3 f5 35. R1c4 fxe4+ 36. fxe4 Ke6 37. Rxb4 Rxb4 38. Rc4 Rxc4 39. Kxc4 Kd7
40. a4 Kc6 41. b4 e6 42. a5 d5+ 43. exd5+ exd5+ 44. Kb3 Kb5 45. Ka3 Bf8 0-1

[Event "DEM U16 2016"]
[Site "Willingen GER"]
[Date "2016.05.19"]
[Round "7"]
[White "Zimmer, Luca"]
[Black "Degenhard, Simon"]
[Result "0-1"]
[Termination "normal"]
[Board "14"]
[WhiteElo "1598"]
[BlackElo "1967"]
[WhiteClock "00:02:57"]
[BlackClock "00:17:37"]
[PlyCount "64"]
[WhiteFideId "12921424"]
[BlackFideId "12944017"]
[EventCountry "GER"]
[EventRounds "9"]
[EventType "swiss"]
[EventDate "2016.05.14"]

1. e4 c5 2. Nc3 g6 3. f4 Bg7 4. Nf3 Nc6 5. Bb5 Nd4 6. O-O a6 7. Be2 e6 8. d3
Qb6 9. Nh4 Ne7 10. Bg4 f5 11. Bh3 d6 12. g4 O-O 13. Rb1 Bd7 14. Ne2 Qc6 15. c3
Nxe2+ 16. Qxe2 Rae8 17. Bd2 b5 18. Bg2 Qc7 19. Bf3 Kh8 20. Qg2 Rg8 21. g5 Rgf8
22. Rbe1 e5 23. Qg3 c4 24. Bh1 Be6 25. fxe5 Bxe5 26. Bf4 cxd3 27. Bxe5+ dxe5
28. exf5 Nxf5 29. Nxf5 Bxf5 30. Be4 Qc5+ 31. Kg2 d2 32. Re2 Bxe4+ 0-1

[Event "DEM U16 2016"]
[Site "Willingen GER"]
[Date "2016.05.19"]
[Round "7"]
[White "Piskaykin, Bogdan"]
[Black "Wurst, Maximilian"]
[Result "1-0"]
[Termination "normal"]
[Board "15"]
[WhiteElo "1869"]
[BlackElo "1751"]
[WhiteClock "00:31:36"]
[BlackClock "00:39:41"]
[PlyCount "61"]
[WhiteFideId "12941212"]
[BlackFideId "12971812"]
[EventCountry "GER"]
[EventRounds "9"]
[EventType "swiss"]
[EventDate "2016.05.14"]

1. e4 e5 2. d4 exd4 3. Qxd4 Nc6 4. Qe3 Nf6 5. Nc3 Bb4 6. Bd2 d6 7. O-O-O Bc5 8.
Qe1 Be6 9. f4 Bg4 10. Be2 Bxe2 11. Qxe2 Qe7 12. h3 Nd4 13. Qd3 O-O-O 14. Nf3
Nxf3 15. Qxf3 Nd7 16. Nd5 Qe8 17. Rhe1 Nb6 18. Bc3 Rg8 19. b4 c6 20. bxc5 Na4
21. Ba5 cxd5 22. Bxd8 Qxd8 23. cxd6 Qxd6 24. Rd4 b5 25. e5 Qc5 26. Rxd5 Qb4 27.
Re4 Qb2+ 28. Kd2 Qxa2 29. Qb3 Qa1 30. Re1 Qb2 31. Rc5+ 1-0

[Event "DEM U16 2016"]
[Site "Willingen GER"]
[Date "2016.05.20"]
[Round "8"]
[White "Urban, Konstantin"]
[Black "Rieß, Alexander"]
[Result "1-0"]
[Termination "normal"]
[Board "1"]
[BlackTitle "FM"]
[WhiteElo "2242"]
[BlackElo "2205"]
[WhiteClock "00:04:23"]
[BlackClock "00:02:45"]
[PlyCount "157"]
[WhiteFideId "12927511"]
[BlackFideId "12953326"]
[EventCountry "GER"]
[EventRounds "9"]
[EventType "swiss"]
[EventDate "2016.05.14"]

1. Nf3 d5 2. c4 d4 3. g3 Nc6 4. Bg2 Nf6 5. O-O e5 6. d3 a5 7. Bg5 Be7 8. Nbd2
O-O 9. a3 Nd7 10. Bxe7 Qxe7 11. e3 Nc5 12. exd4 exd4 13. Re1 Qd6 14. Ne4 Nxe4
15. Rxe4 Bf5 16. Re1 Rfe8 17. Qd2 h6 18. Re2 Rxe2 19. Qxe2 Kf8 20. Re1 Bd7 21.
Ne5 Nxe5 22. Qxe5 Qxe5 23. Rxe5 Bc6 24. Bxc6 bxc6 25. Rc5 Ra6 26. b4 axb4 27.
axb4 Rb6 28. b5 cxb5 29. cxb5 Rb7 30. Kg2 Ke7 31. Kf3 Kd6 32. Rf5 c5 33. bxc6
Kxc6 34. Ke4 Rd7 35. h4 g6 36. Ra5 h5 37. Ra4 Re7+ 38. Kxd4 Re2 39. Ra6+ Kd7
40. Rf6 Ke7 41. Rf3 Ra2 42. Kc5 Ra5+ 43. Kb4 Ra2 44. Kc4 Ke6 45. Kd4 Ra1 46.
Ke4 Ra4+ 47. Ke3 Ra1 48. Rf4 Re1+ 49. Kf3 Ra1 50. Rb4 Ra3 51. Ke3 Kd5 52. Rb5+
Kd6 53. Rb7 Ke6 54. Rb5 Kd6 55. Rb2 Kd5 56. Rd2 Ke5 57. f3 Ra1 58. d4+ Kd5 59.
Kf4 Rf1 60. Ra2 Rd1 61. Ra5+ Ke6 62. Ra4 Kd5 63. g4 Rh1 64. Kg5 Rg1 65. Ra5+
Kxd4 66. Kf6 hxg4 67. Ra4+ Kd5 68. Rxg4 Rf1 69. Kxf7 Rxf3+ 70. Kxg6 Ke5 71. h5
Ra3 72. h6 Ra6+ 73. Kh5 Ra7 74. Rg7 Ra1 75. h7 Kf6 76. Rg6+ Kf5 77. Rf6+ Ke5
78. Rf8 Rh1+ 79. Kg6 1-0

[Event "DEM U16 2016"]
[Site "Willingen GER"]
[Date "2016.05.20"]
[Round "8"]
[White "Muckle, Julius"]
[Black "Buckels, Valentin"]
[Result "0-1"]
[Termination "normal"]
[Board "2"]
[WhiteElo "2163"]
[BlackElo "2240"]
[WhiteClock "00:00:32"]
[BlackClock "00:02:32"]
[PlyCount "80"]
[WhiteFideId "12942430"]
[BlackFideId "12942766"]
[EventCountry "GER"]
[EventRounds "9"]
[EventType "swiss"]
[EventDate "2016.05.14"]

1. d4 Nf6 2. c4 e6 3. Nc3 Bb4 4. Bd2 O-O 5. Nf3 b6 6. e3 Bxc3 7. Bxc3 Ne4 8.
Rc1 Bb7 9. Bd3 d6 10. O-O Nxc3 11. Rxc3 Nd7 12. Nd2 f5 13. f4 Qe8 14. e4 Qg6
15. Bb1 fxe4 16. Rg3 Qf5 17. Rg5 Qf7 18. Nxe4 Kh8 19. Ng3 Nf6 20. Nh5 g6 21.
Nxf6 Qxf6 22. h4 Rf7 23. b4 Raf8 24. g3 Rg7 25. Qd3 Rfg8 26. Rf2 h6 27. Rh2 Qf7
28. h5 gxh5 29. Rxg7 Rxg7 30. Kf2 Kg8 31. Qe2 Qf6 32. Qe3 c5 33. bxc5 bxc5 34.
Rxh5 cxd4 35. Qa3 e5 36. Qxa7 e4 37. Qb8+ Kh7 38. Rb5 Bc6 39. Rb6 Qg6 40. Rxc6
Qxg3+ 0-1

[Event "DEM U16 2016"]
[Site "Willingen GER"]
[Date "2016.05.20"]
[Round "8"]
[White "Schmidek, Emil"]
[Black "Schröder, Kevin"]
[Result "0-1"]
[Termination "normal"]
[Board "3"]
[WhiteElo "2242"]
[BlackElo "2361"]
[WhiteClock "00:15:05"]
[BlackClock "01:05:20"]
[PlyCount "106"]
[WhiteFideId "12908150"]
[BlackFideId "12929840"]
[EventCountry "GER"]
[EventRounds "9"]
[EventType "swiss"]
[EventDate "2016.05.14"]

1. e4 e5 2. Nf3 Nc6 3. Bb5 Nf6 4. d3 d6 5. c3 a6 6. Ba4 g6 7. O-O Bg7 8. Re1
O-O 9. Nbd2 Nd7 10. Nf1 Nc5 11. Bc2 Ne6 12. Bb3 Na5 13. Bd5 c5 14. Be3 Nc7 15.
b4 cxb4 16. cxb4 Nc6 17. Bb6 Qd7 18. Qb3 Nxd5 19. exd5 Ne7 20. Rac1 Qb5 21. Bc7
Qxd5 22. Qxd5 Nxd5 23. Bxd6 Rd8 24. Bxe5 Nxb4 25. Bxg7 Kxg7 26. Ne5 Be6 27. Rc7
Bxa2 28. Rxb7 Nxd3 29. Nxd3 Rxd3 30. Ne3 a5 31. Ra1 Be6 32. Kf1 a4 33. Ke2 Rd4
34. Ra3 Rad8 35. Rb2 f5 36. g3 Bb3 37. Ra1 Rd3 38. Ke1 Kf6 39. h4 R8d4 40. Re2
a3 41. f3 a2 42. Kf2 Rd2 43. f4 Rxe2+ 44. Kxe2 Ke6 45. Rc1 Kd6 46. h5 Bc4+ 47.
Nxc4+ Rxc4 48. Rd1+ Kc5 49. hxg6 hxg6 50. Ra1 Ra4 51. g4 fxg4 52. Kf2 Rxf4+ 53.
Kg3 Ra4 0-1

[Event "DEM U16 2016"]
[Site "Willingen GER"]
[Date "2016.05.20"]
[Round "8"]
[White "Polster, Christian"]
[Black "Kololli, Martin"]
[Result "1-0"]
[Termination "normal"]
[Board "4"]
[WhiteElo "2150"]
[BlackElo "2259"]
[WhiteClock "00:24:32"]
[BlackClock "00:28:49"]
[PlyCount "89"]
[WhiteFideId "12965081"]
[BlackFideId "12936910"]
[EventCountry "GER"]
[EventRounds "9"]
[EventType "swiss"]
[EventDate "2016.05.14"]

1. e4 e5 2. Nf3 Nc6 3. Bc4 Nf6 4. Ng5 d5 5. exd5 Na5 6. Bb5+ c6 7. dxc6 bxc6 8.
Qf3 Rb8 9. Bd3 Be7 10. b3 h6 11. Ne4 Nxe4 12. Qxe4 Bd6 13. Bb2 f5 14. Qe3 O-O
15. O-O Qc7 16. f3 Qe7 17. Kh1 Re8 18. Re1 c5 19. Na3 Bd7 20. Nc4 Nxc4 21.
Bxc4+ Kh8 22. f4 e4 23. d4 cxd4 24. Bxd4 Kh7 25. Qf2 a5 26. c3 a4 27. b4 g5 28.
g3 Bc6 29. Re3 Rf8 30. a3 Qc7 31. Rg1 Be8 32. Bd5 Bh5 33. c4 Bg4 34. h3 Bxh3
35. Qh2 Bg4 36. fxg5 h5 37. Rf1 Rbe8 38. Qc2 Qe7 39. Bf6 Qd7 40. Rxe4 Bxg3 41.
Rxg4 hxg4 42. Rxf5 Re2 43. Qxe2 Kg6 44. Rf1 Re8 45. Qd3+ 1-0